Naruto: les personnages ramenés par l'Edo Tensei - Statistiques

Statistiques générales
  • Ce quiz a été pris 309 fois
  • Le résultat moyen est 22 sur 50
Statistiques - réponses
Réponse % Correct
Hokage Hashirama Senju
98%
Hokage Minato Namikaze
97%
Hokage Tobirama Senju
97%
Akatsuki Itachi Uchiha
96%
Hokage Hiruzen Sarutobi
93%
Akatsuki Sasori
88%
Akatsuki Deidara
87%
Akatsuki Nagato
85%
Épéiste de la Brume Zabuza Momochi
81%
Akatsuki Kakuzu
80%
Akatsuki Madara Uchiha
72%
Kekkai Genkai Haku
66%
Akatsuki Hidan
59%
Ninja renommé de Konoha Asuma Sarutobi
58%
Jinchûriki Han
58%
Kage
52%
Jinchûriki
51%
Ninja renommé de Konoha Dan
49%
Jinchûriki Utakata
47%
Pseudo-Jinchûriki Ginkaku
46%
Ninja renomméede Suna Chiyo
45%
Ninja renommé d'Ame Hanzo
44%
Pseudo-Jinchûriki Kinkaku
44%
Quartet du Son Tayuya
42%
Quartet du Son Jirôbô
41%
Kage Rasa
41%
Jinchûriki Yagura Karatachi
40%
Jinchûriki Rôshi
38%
Quartet du Son Sakon et Ukon
38%
Jinchûriki Yugito Nii
38%
Kekkai Genkai Kimimaro
34%
Quartet du Son Kidômaru
32%
Kage Gengetsu Hôzuki
29%
Kekkai Genkai Pakura
26%
Kage 3ème Raikage
25%
Épéiste de la Brume Mangetsu Hôzuki
25%
Ninja renommé de Konoha Hayate Gekko
23%
Épéiste de la Brume Ameyuri Ringo
22%
Épéiste de la Brume Jinpachi Munashi
20%
Ninja renomméde Konoha Hizashi Hyûga
19%
Ninja renomméde Konoha Shin
14%
Ninja renommé de Konoha Torune Aburame
14%
Épéiste de la Brume Jinin Akebino
13%
Épéiste de la Brume Fuguki Suikazan
12%
Épéiste de la Brume Kushimaru Kuriarare
12%
Kekkai Genkai Gari
9%
Ninja renomméde Kiri Chûkichi
3%
Ninja renomméde Kumo Fukaï
3%
Kekkai Genkai Toroï
3%
Ninja renomméde Konoha Chen
1%
Aucun quiz correspondant
Distribution des résultats
% des personnes avec chaque résultat
Percentile par nombre de réponses
Votre historique - résultats
Vous n’avez pas pris ce quiz